1599 1262 1813 1543 1818 1174 1729 1799 1318 1801 1131 1897 1777 1291 1323 1931 1075 1310 1876 1906 1460 1724 1255 1814 1777 1945 1446 1508 1118 1172 1988 1363 1295 1950 1527 1865 1937 1175 1110 1766 1604 1795 1552 1272 1102 1112 1547 1152 1149 1013 1959 1663 1467 1086 1828 1465 1563 1481 1562 1786 1197 1755 1374 1586 1010 1198 1478 1864 1699 1523 1803 1958 1246 1480 1191 1474 1164 1132 1136 1060 1318 1116 1120 1741 1932 1345 1251 1099 1742 1306 1847 1322 1008 1548 1173 1292 1867 1287 1389 BCNSPRNW ULIB Ver.6.0+V

เปลี่ยนเป็นภาษาไทย

Change to English
 แสดงรายละเอียดบรรณานุกรม
  กลับหน้าหลัก

Brief Record : Get Marc (ISO 2709) : E-mail record : QR code < ปิดหน้าต่าง
LEADER : 00000nam 2200000uu 4500
001    13399127809
003     ULIB
008    210930s2563||||th 000 0 tha d
020    ^a9789740339533^c160
060  4 ^aWY160^bย353ก
100 0  ^aยุทธชัย ไชยสิทธิ์
245 10 ^aการพยาบาลผู้ป่วยที่มีภาวะบีบคั้นทางจิตวิญญาณ =^bNursing cares for patients with spiritual distress /^cยุทธชัย ไชยสิทธิ์, ประเสริฐ ไพบูลย์รุ่งโรจน์
246 31 ^aNursing cares for patients with spiritual distress
260    ^aกรุงเทพฯ: ^bโรงพิมพ์แห่งจุฬาลงกรณ์มหาวิทยาลัย,^c2563
300    ^a123 หน้า
650  4 ^aการพยาบาลด้านจิตวิญญาณ
650  4 ^aการพยาบาล^xแง่จิตวิทยา
650  4 ^aผู้ป่วย^xแง่จิตวิทยา
945    ^p160^l0^i008236
945    ^p160^l0^i008237
945    ^p160^l0^i008238
945    ^p160^l0^i008239
999    ^aประนอม เกษจรัล
รายการนี้ยังไม่มีแท็ก
คุณยังไม่ได้ล็อกอิน คุณสามารถมีกิจกรรมร่วมกับเว็บไซต์ได้ แต่ต้องล็อกอินก่อน ::
  ล็อกอิน

รายการสื่อสารสนเทศ

ลำดับที่ ประเภท เลขเรียก/บาร์โค้ด สถานที่ สถานะ
1. Book การพยาบาล
หนังสือสำรอง
สถานะ=หนังสือสำรอง
WY160 ย353ก ฉ.1 
  Barcode: 008236
ห้องสมุดวิทยาเขตสวรรค์ประชารักษ์
►หนังสือทั่วไป
บนชั้น
2. Book การพยาบาล
Book การพยาบาล
WY160 ย353ก ฉ.2 
  Barcode: 008237
ห้องสมุดวิทยาเขตสวรรค์ประชารักษ์
►หนังสือทั่วไป
ถูกยืม กำหนดส่งวันที่ 5 ธันวาคม 2568
  จอง
3. Book การพยาบาล
Book การพยาบาล
WY160 ย353ก ฉ.3 
  Barcode: 008238
ห้องสมุดวิทยาเขตสวรรค์ประชารักษ์
►หนังสือทั่วไป
บนชั้น
4. Book การพยาบาล
Book การพยาบาล
WY160 ย353ก ฉ.4 
  Barcode: 008239
ห้องสมุดวิทยาเขตสวรรค์ประชารักษ์
►หนังสือทั่วไป
บนชั้น

รายการใกล้เคียง
    หัวเรื่อง [การพยาบาลด้านจิตวิญญาณ]

BibComment


ยังไม่เคยถูกคอมเมนท์

คอมเมนท์ทรัพยากรรายการนี้
  คอมเมนท์: การพยาบาลผู้ป่วย..


 Copyright 2026. Bcnsprnw @Library